000 00568cam a2200193 4500
001 sa 68015274
003 DLC
005 20260227112642.0
008 700323s1966 pk 00010 eng
010 _asa 68015274
050 0 _aTX931
_b.C42
082 _a647/.945491
100 1 0 _aChaudhry, M. Tufail.
245 1 _aYouth hostelling in West Pakistan,
_cby M. Tufail Chaudhry.
260 0 _aLahore,
_bWest Pakistan Bureau of Education,
_c1966.
300 _aix, 63 p.
_c22 cm.
650 0 _aYouth hostels.
650 0 _aTourist camps, hostels, etc.
_zWest Pakistan.
999 _c86362
_d86362